000 00345nam a22001457a 4500
005 20240705135947.0
008 240705b |||||||| |||| 00| 0 eng d
020 _a978-8-1928141-4-4
041 _aeng
100 _aVIVEKANAND, SWAMI
_98436
245 _aVYAKTITWA KA VIKASH
260 _aNAGPUR
_bRAMKRISHAN MATH
300 _a82;p
942 _cBK
999 _c8538
_d8536